| 000 | 00643nam a22002297a 4500 | ||
|---|---|---|---|
| 003 | OSt | ||
| 005 | 20170105103440.0 | ||
| 008 | 120315t xxu||||| |||| 00| 0 eng d | ||
| 020 | _a8170966434 | ||
| 040 |
_aASAB _cASAB |
||
| 050 | _a636.089 | ||
| 100 |
_aMaxine m . Benjamin _949 |
||
| 245 |
_aOutline of Veterinary Clinical Pathology _hMaxine M Benjamin |
||
| 260 |
_aNew Delhi _bKalyani Publishers _c2005 |
||
| 300 | _a351 | ||
| 440 |
_aOutline of Veterinary clinical Pathology _950 |
||
| 600 |
_aMaxine M Benjamin _951 |
||
| 650 |
_aVeterinary , Pathology _952 |
||
| 700 |
_aMaxine M Benjamin _953 |
||
| 710 |
_aASAB _954 |
||
| 942 |
_2lcc _cBK |
||
| 999 |
_c16445 _d16445 |
||